000
00326 a2200109 4500
001
ART_18413
005
20260410161919.0
008
260409a
245
1
0
_a
Las cooperativas y la norma tributaria
100
1
_a
Rosembuj, Tulio R.
773
0
_t
La información
_g
- Tomo XXXIV, Nº 560 (ago. 1976)
_w
REV14902
999
_c
27545
_d
27545